[Event "Festugeturneringen 2017 Festgruppen"]
[Site "Aarhus"]
[Date "????.??.??"]
[Round "7"]
[White "Hansen, Morten Lyck"]
[Black "Iversen, Flemming Pagh"]
[Result "1-0"]
[WhiteElo "1958"]
[BlackElo "1779"]
[PlyCount "57"]
[EventType "swiss"]
[EventRounds "7"]
[EventCountry "DEN"]

1. e4 g6 2. d4 d6 3. Nc3 Bg7 4. Nf3 Bg4 5. Be2 Nc6 6. d5 Bxf3 7. Bxf3 Nd4 8.
O-O c5 9. Be2 Nf6 10. f4 Nd7 11. Be3 O-O 12. Qd2 a6 13. a4 b6 14. Rae1 Nxe2+
15. Rxe2 Qc7 16. Qe1 c4 17. Kh1 Nc5 18. Bd2 Qd7 19. e5 dxe5 20. fxe5 Nxa4 21.
e6 fxe6 22. dxe6 Qc6 23. Nxa4 Qxa4 24. Rf7 Bxb2 25. Qh4 Bg7 26. Bc3 Rxf7 27.
exf7+ Kh8 28. Qxe7 Rf8 29. Qxf8# 1-0

[Event "Festugeturneringen 2017 Festgruppen"]
[Site "Aarhus"]
[Date "????.??.??"]
[Round "7"]
[White "Holm, Filip Martin Kierulf"]
[Black "Taylor, Graham Christopher"]
[Result "1/2-1/2"]
[WhiteElo "1807"]
[BlackElo "1864"]
[PlyCount "38"]
[EventType "swiss"]
[EventRounds "7"]
[EventCountry "DEN"]

1. e4 e5 2. Nf3 Nc6 3. Nc3 Nf6 4. Bc4 Nxe4 5. Nxe4 d5 6. Bxd5 Qxd5 7. Nc3 Qd8
8. d3 Be7 9. Be3 Be6 10. Qd2 Qd7 11. Ne4 b6 12. Nc3 O-O 13. Ng5 Bf5 14. f3 Rad8
15. Nge4 Nd4 16. O-O c5 17. Ne2 Bxe4 18. fxe4 Ne6 19. Nc3 c4 1/2-1/2

[Event "Festugeturneringen 2017 Festgruppen"]
[Site "Aarhus"]
[Date "????.??.??"]
[Round "7"]
[White "Light, Bjarne"]
[Black "Thogersen, Rasmus"]
[Result "1/2-1/2"]
[WhiteElo "2223"]
[BlackElo "2252"]
[PlyCount "189"]
[EventType "swiss"]
[EventRounds "7"]
[EventCountry "DEN"]

1. c4 g6 2. g3 Bg7 3. Nc3 c5 4. Bg2 Nc6 5. a3 e6 6. Rb1 Nge7 7. b4 cxb4 8. axb4
d5 9. b5 Na5 10. cxd5 exd5 11. Ba3 Be6 12. Bb4 O-O 13. Nh3 a6 14. Nf4 Bf5 15.
Bxe7 Qxe7 16. Nfxd5 Qd8 17. Rb4 axb5 18. O-O Bd7 19. Nxb5 Bc6 20. Nbc3 Re8 21.
e3 Qd6 22. d4 h5 23. h4 Ra6 24. Rb1 Rd8 25. Nf4 Bxg2 26. Nxg2 Qc6 27. Nb5 Rd5
28. Qe2 Nc4 29. Rbc1 Qxb5 30. Rxc4 Rc6 31. Rfc1 Rd8 32. Nf4 Rxc4 33. Qxc4 Qxc4
34. Rxc4 b5 35. Rb4 Rb8 36. Kf1 Bf8 37. Rb3 Bd6 38. Nd5 f5 39. Ke2 Kf7 40. Kd3
Ke6 41. Nc3 b4 42. Ne2 Ra8 43. f3 Ra3 44. Kc4 Ra2 45. Nf4+ Bxf4 46. gxf4 Rh2
47. Rxb4 Rxh4 48. Rb6+ Kf7 49. Rb7+ Kf6 50. Kd5 Rh1 51. e4 fxe4 52. fxe4 h4 53.
Rb6+ Kg7 54. e5 h3 55. Rb7+ Kg8 56. Rb3 Kg7 57. Ke6 Rd1 58. Rxh3 Rxd4 59. Rf3
Ra4 60. Kd5 Kf7 61. f5 gxf5 62. Rxf5+ Ke7 63. Rh5 Ra5+ 64. Ke4 Ra6 65. Kf5 Rb6
66. Rh7+ Ke8 67. Ra7 Rc6 68. Ke4 Rb6 69. Kd4 Rh6 70. Kc5 Rg6 71. Kd5 Rh6 72.
Ra1 Rg6 73. Rh1 Ra6 74. Rh7 Rb6 75. Ke4 Ra6 76. Kf5 Rb6 77. Ra7 Rc6 78. Ra8+
Ke7 79. Rh8 Ra6 80. Rh7+ Ke8 81. Rh2 Rb6 82. Rd2 Ra6 83. Rd6 Rxd6 84. exd6 Kd7
85. Ke5 Kd8 86. Kf6 Kd7 87. Ke5 Kd8 88. Kd4 Kd7 89. Kc5 Kd8 90. Kc6 Kc8 91. Kb6
Kd7 92. Kc5 Kd8 93. Kc6 Kc8 94. d7+ Kd8 95. Kd6 1/2-1/2

[Event "Festugeturneringen 2017 Festgruppen"]
[Site "Aarhus"]
[Date "????.??.??"]
[Round "7"]
[White "Prasse, Jens Jacob"]
[Black "Hansen, Lars"]
[Result "0-1"]
[WhiteElo "1500"]
[BlackElo "2268"]
[PlyCount "64"]
[EventType "swiss"]
[EventRounds "7"]
[EventCountry "DEN"]

1. d4 e6 2. c4 b6 3. Nf3 Bb7 4. Nc3 Bb4 5. Qc2 f5 6. Bd2 Nf6 7. a3 Bxc3 8. Bxc3
O-O 9. e3 d6 10. Nd2 Nbd7 11. f3 Nh5 12. g3 Qg5 13. f4 Qh6 14. Rg1 Nxf4 15.
O-O-O Qxh2 16. Bd3 Nxd3+ 17. Qxd3 Rae8 18. Qf1 Nf6 19. Nf3 Qh5 20. Nh4 Ng4 21.
Qe2 Qh6 22. Bd2 Be4 23. Rdf1 e5 24. d5 c6 25. dxc6 Rc8 26. Nxf5 Qe6 27. Nxd6
Qxd6 28. Qxg4 Qd3 29. Qe6+ Kh8 30. Rxf8+ Rxf8 31. Kd1 Qc2+ 32. Ke2 Bd3+ 0-1

[Event "Festugeturneringen 2017 Festgruppen"]
[Site "Aarhus"]
[Date "????.??.??"]
[Round "7"]
[White "Skytte, Rasmus"]
[Black "Miqueu, Jean-Philippe"]
[Result "1/2-1/2"]
[WhiteElo "2394"]
[BlackElo "2106"]
[PlyCount "68"]
[EventType "swiss"]
[EventRounds "7"]
[EventCountry "DEN"]

1. d4 d5 2. Nf3 Nf6 3. c4 c6 4. Nc3 dxc4 5. a4 Bf5 6. Ne5 Na6 7. f3 Nd7 8. Nxd7
Bxd7 9. e4 e5 10. Bxc4 exd4 11. Qxd4 Nb4 12. O-O Be6 13. Qxd8+ Rxd8 14. Bxe6
Bc5+ 15. Kh1 fxe6 16. a5 h6 17. Ra4 Nd3 18. h4 Ke7 19. Ne2 Rd7 20. Rc4 Rhd8 21.
Kh2 a6 22. e5 Bb4 23. Be3 Bxa5 24. b4 Bc7 25. f4 Rd5 26. Nc3 R5d7 27. Ne4 Rd5
28. Nc3 R5d7 29. Ne4 Ra8 30. Rb1 Rad8 31. h5 Rd5 32. Nc3 R5d7 33. Ne4 Rd5 34.
Nc3 R5d7 1/2-1/2

[Event "Festugeturneringen 2017 Festgruppen"]
[Site "Aarhus"]
[Date "????.??.??"]
[Round "7"]
[White "Vangsgard, Freja"]
[Black "Skaarup, Kasper"]
[Result "1/2-1/2"]
[WhiteElo "2062"]
[BlackElo "1853"]
[PlyCount "62"]
[EventType "swiss"]
[EventRounds "7"]
[EventCountry "DEN"]

1. d4 e6 2. c4 b6 3. Nc3 Bb7 4. d5 Bb4 5. g3 Bxc3+ 6. bxc3 Nf6 7. Bg2 Na6 8. e4
e5 9. Ne2 Nc5 10. Qc2 Ba6 11. Be3 Qe7 12. O-O Bxc4 13. Rad1 Rc8 14. h3 O-O 15.
Bg5 h6 16. Bxf6 Qxf6 17. f4 Bxe2 18. Qxe2 exf4 19. e5 Rfe8 20. Rde1 f3 21. Bxf3
Qg6 22. Bg4 Re7 23. Rf3 Rce8 24. Re3 Qh7 25. h4 d6 26. e6 f5 27. Bf3 Rf8 28.
Bg2 g6 29. Rf1 Qg7 30. Qc4 h5 31. Qd4 a5 1/2-1/2